000 00698 a2200205 4500
005 20100810101119.0
010 _aENG-99280
020 _c150.00
_a9788190784436
035 _aEN-82812
037 _bDBAD/PUB
082 _a621.381
100 _aChitravel, T.
_99901
245 _aDigital electronocs and micro controller /
_cby T. Chitravel
260 _aNamakkal
_bPerumal Publications
_c2009
270 _aPerumal Publications
_bNamakkal
_e637018
300 _a144 p.
_c20cm.(pbk)
700 _99757
942 _adpl
_cEN
_2ddc
_mCHI
_h621.381
999 _c40559
_d40559